| 000 | 01828cam a2200445 a 4500 | ||
|---|---|---|---|
| 999 |
_c21649 _d21649 |
||
| 001 | 17511794 | ||
| 003 | OSt | ||
| 005 | 20200602105921.0 | ||
| 007 | ta | ||
| 008 | 120501s2012 ii a b 101 0 eng d | ||
| 010 | _a 2012339281 | ||
| 020 | _a9788180698804 | ||
| 020 | _a8180698807 | ||
| 025 | _aI-E-2012-339281; 83-15; 83-16 | ||
| 035 | _a(OCoLC)ocn811207583 | ||
| 035 | _a(OCoLC)811207583 | ||
| 037 | _aLibrary of Congress -- New Delhi Overseas Office | ||
| 040 |
_aDKAGE _beng _coclc _dOCLCO _dDLC |
||
| 042 |
_alccopycat _alcode |
||
| 043 | _aa-ii--- | ||
| 050 | 0 | 0 |
_aHD2346.I52 _bN674 2012 |
| 082 | 0 | 4 |
_a338.6309541 _223 _bMAN/K |
| 100 |
_9491 _aMandal, R K |
||
| 245 | 0 | 0 |
_aKhadi and village industries in North-East India : _bchallenges and opportunities / _cRam Krishna Mandal |
| 260 |
_aNew Delhi : _bConcept Pub. Co., _c2012. |
||
| 300 | _a346 p. : | ||
| 504 | _aIncludes bibliographical references and index. | ||
| 505 | 0 | _aSection 1. Present scenario -- section 2. Challenges and opportunities -- section 3. Empirical study -- section 4. Entrepreneurial development. | |
| 520 | _aPapers presented at a national seminar held at Itanagar. | ||
| 610 | 1 | 0 |
_aIndia. _bKhadi and Village Industries Commission _vCongresses. |
| 650 | 0 |
_aKhadi _zIndia, Northeastern _vCongresses. |
|
| 650 | 0 |
_aRural industries _xGovernment policy _zIndia, Northeastern _vCongresses. |
|
| 650 | 0 |
_aSmall business _zIndia, Northeastern _vCongresses. |
|
| 650 | 0 |
_aEntrepreneurship _zIndia, Northeastern _vCongresses. |
|
| 650 | 0 |
_aRural development _zIndia, Northeastern _vCongresses. |
|
| 700 | 1 |
_aMandal, Ramkrishna, _d1966- |
|
| 906 |
_a7 _bcbc _ccopycat _d3 _encip _f20 _gy-gencatlg |
||
| 942 |
_2ddc _cBK _h338.6309541 _iMAN/K _k338.6309541 _mMAN/K |
||